000 01065nam0a22002411 4500
001 rc\1137901
005 20260407122708.0
035 _a(NLR Aleph) 006384625
090 _a5105330
_c5105330
100 _a20041129d1980 |||y0rusy50 ca
101 0 _arus
102 _aRU
105 _ay |||||||||
200 1 _aКраткие статистические данные о работе научно-методического совета по пропаганде научно-технических знаний МГО общества "Знание" за период июнь 1975 г. - январь 1980 г.
_f... Моск. дом. науч.-техн. пропаганды им. Ф.Э. Дзержинского
210 _aМ.
_cБ. и.
_d1980
215 _a[1], 24 с.
_d20
333 _aДСП. Экз. № 4
710 0 2 _a"Знание", о-во РСФСР
_bМосковское гор. отделение
_3RU\NLR\AUTH\889959504
_9415180
801 0 _aRU
_bNLR
_gpsbo
801 1 _aRU
_bELAR
_2rusmarc
852 _aNLR
_j80-50К/954
942 _cBOOK
980 _aNB